[Event "DEM U12/U12w 2008"]
[Site "Willingen GER"]
[Date "2008.05.11"]
[Round "1"]
[White "Duchow, Julien"]
[Black "Carow, Johannes"]
[Result "1/2-1/2"]
[Termination "normal"]
[Board "22"]
[WhiteElo "1303"]
[BlackElo "1668"]
[PlyCount "118"]
[BlackFideId "24692050"]
[EventCountry "GER"]
[EventRounds "11"]
[EventType "swiss"]
[EventDate "2008.05.10"]

1. e4 c5 2. Nf3 Nc6 3. d4 cxd4 4. Nxd4 Nf6 5. Nc3 e5 6. Ndb5 d6 7. Bg5 a6 8.
Na3 b5 9. Nd5 Be7 10. Bxf6 Bxf6 11. c3 O-O 12. Nc2 Bg5 13. a4 bxa4 14. Rxa4 a5
15. Bb5 Na7 16. Bc4 Bd7 17. Ra1 Rc8 18. Ba6 Rb8 19. b4 axb4 20. Ncxb4 Nc6 21.
O-O f5 22. f3 fxe4 23. fxe4 Rxf1+ 24. Qxf1 Nxb4 25. cxb4 Be6 26. Qc4 Be3+ 27.
Kh1 Bd4 28. Rf1 Kh8 29. Qc7 Bxd5 30. Qxd8+ Rxd8 31. exd5 Kg8 32. Rc1 Rb8 33. b5
Bc5 34. Re1 Kf7 35. g4 Kg6 36. Kg2 Rf8 37. Rb1 Kg5 38. Rb2 Kxg4 39. b6 e4 40.
b7 Rb8 41. Bb5 Kf4 42. Bc6 e3 43. Ra2 Bb6 44. Ra4+ Ke5 45. Ra8 Bc7 46. Kf3 Kd4
47. Ra4+ Kd3 48. Bb5+ Kd2 49. Rd4+ Ke1 50. Ba4 e2 51. Rb4 Rf8+ 52. Ke3 Kf1 53.
Bb5 Bb6+ 54. Ke4 Re8+ 55. Kf3 Re3+ 56. Kf4 g5+ 57. Kxg5 Bc7 58. Kf4 Kf2 59.
Bxe2 Rxe2 1/2-1/2

[Event "DEM U12/U12w 2008"]
[Site "Willingen GER"]
[Date "2008.05.11"]
[Round "1"]
[White "Gibicar, Danijel"]
[Black "Weber, Daniel"]
[Result "1-0"]
[Termination "normal"]
[Board "23"]
[WhiteElo "1662"]
[BlackElo "1300"]
[PlyCount "123"]
[WhiteFideId "24660256"]
[BlackFideId "24615498"]
[EventCountry "GER"]
[EventRounds "11"]
[EventType "swiss"]
[EventDate "2008.05.10"]

1. d4 Nf6 2. Nf3 d5 3. e3 e6 4. Bd3 Bd6 5. Nbd2 O-O 6. O-O Bd7 7. e4 dxe4 8.
Nxe4 Nxe4 9. Bxe4 Bc6 10. Qe2 Qd7 11. Rd1 Bxe4 12. Qxe4 Qc6 13. Qe2 Nd7 14. c3
Nb6 15. Ne5 Bxe5 16. Qxe5 Qd6 17. b3 Rfd8 18. Bf4 Nd5 19. Qxd6 cxd6 20. Bd2
Rac8 21. c4 Ne7 22. Bf4 b6 23. Rac1 Rc6 24. b4 h6 25. Rc2 Rcc8 26. a3 Nf5 27.
g4 Nh4 28. Be3 Ng6 29. Rdc1 Ne7 30. c5 dxc5 31. bxc5 Nd5 32. Kf1 Nxe3+ 33. fxe3
bxc5 34. Rxc5 Rb8 35. Ke2 Rb2+ 36. R1c2 Rdb8 37. Kd3 R8b3+ 38. R5c3 Rxc3+ 39.
Kxc3 Rb8 40. Rb2 Rc8+ 41. Kd2 Kf8 42. Rb7 a6 43. h3 Ke8 44. e4 Kf8 45. Rb6 Ra8
46. a4 Ke7 47. a5 Kd8 48. Rb7 Ke8 49. Kd3 Rc8 50. Rb6 Ra8 51. d5 Ke7 52. d6+
Kd7 53. Kd4 f6 54. e5 f5 55. gxf5 exf5 56. Kd5 f4 57. e6+ Ke8 58. d7+ Ke7 59.
Rc6 Rd8 60. Rc8 f3 61. Rxd8 f2 62. Re8+ 1-0

[Event "DEM U12/U12w 2008"]
[Site "Willingen GER"]
[Date "2008.05.11"]
[Round "1"]
[White "Rahimi, Rozafa"]
[Black "Schnorr, Christian"]
[Result "0-1"]
[Termination "normal"]
[Board "24"]
[WhiteElo "1297"]
[BlackElo "1650"]
[PlyCount "100"]
[WhiteFideId "24692280"]
[EventCountry "GER"]
[EventRounds "11"]
[EventType "swiss"]
[EventDate "2008.05.10"]

1. d4 Nf6 2. Bf4 e6 3. e3 d5 4. Nf3 Be7 5. Bd3 O-O 6. Nbd2 b6 7. c3 Ba6 8. Qe2
Bxd3 9. Qxd3 Nbd7 10. Rc1 c5 11. c4 cxd4 12. exd4 Rc8 13. O-O Nh5 14. Be3 Bd6
15. g3 Nhf6 16. Rc2 Rc6 17. Rfc1 Qa8 18. c5 bxc5 19. dxc5 Be7 20. b4 Rcc8 21.
c6 Nb6 22. b5 Bd6 23. Bd4 Ne8 24. Ng5 g6 25. Qe3 Qb8 26. Bxb6 Qxb6 27. Qxb6
axb6 28. a4 Bc7 29. f4 Nd6 30. Ngf3 Ra8 31. Ra2 Nxb5 32. Rcc2 Na7 33. Nd4 Rac8
34. Nb5 Nxb5 35. axb5 Ra8 36. Nf3 Ra5 37. Rxa5 bxa5 38. Rb2 Rb8 39. Nd4 Bb6 40.
Rd2 Bxd4+ 41. Rxd4 Rxb5 42. Ra4 Rc5 43. c7 Kg7 44. Rxa5 Rxc7 45. h4 Rc2 46. Ra4
Kf6 47. g4 Rc4 48. Rxc4 dxc4 49. Kf1 e5 50. fxe5+ Kxe5 0-1

[Event "DEM U12/U12w 2008"]
[Site "Willingen GER"]
[Date "2008.05.11"]
[Round "1"]
[White "Nöttling, Dominik"]
[Black "Boberg, Tobias Marcel"]
[Result "1-0"]
[Termination "normal"]
[Board "25"]
[WhiteElo "1728"]
[BlackElo "1283"]
[PlyCount "75"]
[WhiteFideId "24672807"]
[BlackFideId "24692298"]
[EventCountry "GER"]
[EventRounds "11"]
[EventType "swiss"]
[EventDate "2008.05.10"]

1. e4 e5 2. Bc4 Nf6 3. d3 h6 4. Nf3 Nc6 5. c3 Bc5 6. O-O d5 7. exd5 Nxd5 8. Re1
Bg4 9. d4 Be7 10. dxe5 Nb6 11. Qxd8+ Rxd8 12. Be2 Bxf3 13. Bxf3 O-O 14. Bf4
Rfe8 15. e6 Bd6 16. Bxd6 Rxd6 17. exf7+ Kxf7 18. Na3 Rxe1+ 19. Rxe1 Rd2 20. Rb1
Ne5 21. Bxb7 Nd3 22. Nc4 Nxc4 23. Bd5+ Kf8 24. Bxc4 Nxb2 25. Bb3 Nd3 26. Rd1
Re2 27. Kf1 Nf4 28. Rd4 Ne6 29. Kxe2 Nxd4+ 30. cxd4 Ke7 31. Kd3 Kd6 32. Ke4 Ke7
33. Kf5 Kf8 34. Kg6 a6 35. f4 c6 36. f5 a5 37. f6 gxf6 38. Kxf6 1-0

[Event "DEM U12/U12w 2008"]
[Site "Willingen GER"]
[Date "2008.05.11"]
[Round "1"]
[White "Kühne, Niklas"]
[Black "Zimmermann, Christian"]
[Result "1-0"]
[Termination "normal"]
[Board "26"]
[WhiteElo "1283"]
[BlackElo "1645"]
[PlyCount "59"]
[WhiteFideId "24690015"]
[BlackFideId "24692069"]
[EventCountry "GER"]
[EventRounds "11"]
[EventType "swiss"]
[EventDate "2008.05.10"]

1. c4 e5 2. Nc3 Bc5 3. Nf3 Nc6 4. g3 Nf6 5. Bg2 O-O 6. O-O d6 7. e3 e4 8. Ng5
Bg4 9. Qc2 Bf5 10. Ngxe4 Re8 11. f3 Ne5 12. d4 Bxd4 13. exd4 Nxc4 14. Bg5 d5
15. Nxf6+ Qxf6 16. Bxf6 Bxc2 17. Bg5 Nxb2 18. Rf2 c6 19. Rxc2 Nc4 20. Bf1 Nd6
21. Bd3 Nc8 22. Kf2 Nb6 23. Re2 f6 24. Bd2 g6 25. Rae1 Kf7 26. Rxe8 Rxe8 27.
Rxe8 Kxe8 28. a4 Kf7 29. h4 h5 30. g4 1-0

[Event "DEM U12/U12w 2008"]
[Site "Willingen GER"]
[Date "2008.05.11"]
[Round "1"]
[White "Azizi, Nassim"]
[Black "Vonhoff, Nils"]
[Result "1-0"]
[Termination "normal"]
[Board "27"]
[WhiteElo "1643"]
[BlackElo "1282"]
[PlyCount "125"]
[WhiteFideId "4608119"]
[BlackFideId "24692301"]
[EventCountry "GER"]
[EventRounds "11"]
[EventType "swiss"]
[EventDate "2008.05.10"]

1. d4 f5 2. Nf3 Nf6 3. e3 e6 4. Bd3 Be7 5. O-O O-O 6. Nbd2 b6 7. e4 fxe4 8.
Nxe4 Bb7 9. Nfg5 Nxe4 10. Nxe4 Nc6 11. c3 e5 12. d5 Nb8 13. c4 d6 14. Qh5 g6
15. Qh6 Rf7 16. Bg5 Qf8 17. Qh4 Nd7 18. Bxe7 Qxe7 19. Ng5 Rf4 20. Qg3 Nc5 21.
Nh3 Nxd3 22. Qxd3 Rd4 23. Qc3 Ba6 24. b3 b5 25. Rfd1 Re8 26. f3 bxc4 27. Rxd4
exd4 28. Qxd4 cxb3 29. axb3 Bb7 30. Nf4 c5 31. dxc6 Bxc6 32. Qxa7 Qe5 33. Nd3
Qc3 34. Qa6 Bb5 35. Qxb5 Qxa1+ 36. Kf2 Qd4+ 37. Kg3 Qe3 38. Qd5+ Qe6 39. Qb5
Qe7 40. Qd5+ Kg7 41. h4 h5 42. b4 Rf8 43. Qd4+ Qf6 44. Qd5 Kh6 45. Qe4 g5 46.
Qe3 Rg8 47. Kf2 d5 48. b5 d4 49. Qd2 Qf5 50. b6 Qb5 51. hxg5+ Rxg5 52. Nf4 Qxb6
53. Nh3 Qc5 54. Nxg5 Qxg5 55. Qxd4 h4 56. Qd6+ Kh5 57. Qd4 Qg3+ 58. Kf1 h3 59.
Qh8+ Kg5 60. Qxh3 Qf4 61. Kg1 Qc1+ 62. Kh2 Kf4 63. Qh6+ 1-0

[Event "DEM U12/U12w 2008"]
[Site "Willingen GER"]
[Date "2008.05.11"]
[Round "1"]
[White "Hellwig, Immo"]
[Black "Große, Christian"]
[Result "0-1"]
[Termination "normal"]
[Board "28"]
[WhiteElo "1278"]
[BlackElo "1885"]
[PlyCount "52"]
[BlackFideId "24646156"]
[EventCountry "GER"]
[EventRounds "11"]
[EventType "swiss"]
[EventDate "2008.05.10"]

1. e4 c5 2. Nf3 e6 3. d4 cxd4 4. Nxd4 a6 5. Nc3 Qc7 6. Be3 Bb4 7. Qd2 Nf6 8. f3
d5 9. Bd3 e5 10. Nde2 d4 11. Nxd4 exd4 12. Bxd4 Nc6 13. Be3 Be6 14. Bf4 Qa5 15.
a3 Rd8 16. Rb1 Be7 17. O-O O-O 18. Rfe1 Ne5 19. b4 Qb6+ 20. Be3 Qc7 21. Bf4 Nh5
22. Nd5 Bxd5 23. exd5 Bd6 24. Bxe5 Bxe5 25. Qe3 Bxh2+ 26. Kf1 Bf4 0-1

[Event "DEM U12/U12w 2008"]
[Site "Willingen GER"]
[Date "2008.05.11"]
[Round "1"]
[White "Pfadenhauer, Johannes"]
[Black "Greif, Gavin"]
[Result "1-0"]
[Termination "normal"]
[Board "29"]
[WhiteElo "1654"]
[BlackElo "1268"]
[PlyCount "93"]
[WhiteFideId "24615269"]
[BlackFideId "24662429"]
[EventCountry "GER"]
[EventRounds "11"]
[EventType "swiss"]
[EventDate "2008.05.10"]

1. e4 e5 2. Bc4 Nf6 3. d3 Nc6 4. Nc3 d6 5. f4 Be7 6. Nf3 O-O 7. O-O Re8 8. fxe5
Nxe5 9. Nxe5 dxe5 10. Bg5 Ng4 11. Bxe7 Rxe7 12. Qf3 Nf6 13. Nd5 Re6 14. Nxf6+
Rxf6 15. Qh5 Qe7 16. Rxf6 Qxf6 17. Rf1 Qb6+ 18. Kh1 Be6 19. Qxe5 Bxc4 20. dxc4
Qc6 21. Qd5 Rf8 22. Qxc6 bxc6 23. g3 Rd8 24. Kg2 Rd4 25. b3 Rxe4 26. Rd1 f5 27.
Kf2 Kf7 28. Rd8 Re8 29. Rxe8 Kxe8 30. Ke3 Ke7 31. Kf4 Kf6 32. h4 h6 33. h5 g5+
34. hxg6 Kxg6 35. c5 Kf6 36. c4 a6 37. b4 Ke6 38. a4 h5 39. a5 Kf6 40. b5 axb5
41. a6 b4 42. a7 b3 43. a8=Q b2 44. Qa2 h4 45. Qxb2+ Kg6 46. gxh4 Kh5 47. Qg7
1-0

[Event "DEM U12/U12w 2008"]
[Site "Willingen GER"]
[Date "2008.05.11"]
[Round "1"]
[White "Urban, Lars"]
[Black "Priese, Annika"]
[Result "1-0"]
[Termination "normal"]
[Board "31"]
[WhiteElo "1857"]
[BlackElo "1256"]
[PlyCount "55"]
[WhiteFideId "4644034"]
[BlackFideId "24673730"]
[EventCountry "GER"]
[EventRounds "11"]
[EventType "swiss"]
[EventDate "2008.05.10"]

1. c4 e5 2. Nc3 Nf6 3. Nf3 d6 4. g3 Be7 5. Bg2 Nc6 6. d3 O-O 7. O-O Re8 8. a3
Be6 9. h3 Qc8 10. Kh2 h6 11. b4 Bd7 12. Nd2 Nd8 13. b5 Ne6 14. Nb3 Rb8 15. a4
b6 16. a5 h5 17. axb6 axb6 18. Be3 Nh7 19. Nd5 Bd8 20. Nb4 Be7 21. Na6 c5 22.
Nxb8 Qxb8 23. Ra8 Qc7 24. Qa1 Rxa8 25. Qxa8+ Nef8 26. Ra1 Bc8 27. Ra7 Qd8 28.
Rxe7 1-0

[Event "DEM U12/U12w 2008"]
[Site "Willingen GER"]
[Date "2008.05.11"]
[Round "1"]
[White "Bajorski, Maria Sophie"]
[Black "Töws, Manuel"]
[Result "0-1"]
[Termination "normal"]
[Board "32"]
[WhiteElo "1211"]
[BlackElo "1617"]
[PlyCount "104"]
[WhiteFideId "24654531"]
[BlackFideId "24654485"]
[EventCountry "GER"]
[EventRounds "11"]
[EventType "swiss"]
[EventDate "2008.05.10"]

1. e4 Nf6 2. Nc3 d5 3. d3 dxe4 4. dxe4 Qxd1+ 5. Kxd1 e5 6. Be3 Bb4 7. Nd5 Nxd5
8. exd5 O-O 9. c4 Rd8 10. Kc2 Bf5+ 11. Kb3 Be7 12. Rd1 a5 13. a3 Na6 14. Bd3
Bxd3 15. Rxd3 c6 16. Ne2 Bc5 17. Ka2 cxd5 18. cxd5 Bxe3 19. fxe3 Nc5 20. Rd2
Ne4 21. Rc2 Rxd5 22. Rhc1 g6 23. Rc7 b5 24. Re7 Rd2 25. Re1 Rc8 26. Rc1 Rxc1
27. Nxc1 f6 28. Ra7 a4 29. Rb7 Rxg2 30. Rxb5 Nc3+ 31. Ka1 Nxb5 32. Nd3 Rxh2 33.
Nc5 Rh4 34. Nd7 Kf7 35. Kb1 Rg4 36. Nc5 h5 37. b3 axb3 38. a4 Nc3+ 39. Kb2
Nxa4+ 40. Nxa4 Rxa4 41. Kxb3 h4 42. Kxa4 h3 43. e4 h2 44. Kb4 h1=Q 45. Kc5 Qxe4
46. Kd6 Qd4+ 47. Kc6 Ke7 48. Kc7 Qc5+ 49. Kb7 Kd8 50. Kb8 Qb5+ 51. Ka7 Kc8 52.
Ka8 Qa5# 0-1

[Event "DEM U12/U12w 2008"]
[Site "Willingen GER"]
[Date "2008.05.11"]
[Round "1"]
[White "Stolcz, Bianca"]
[Black "Polert, Annika"]
[Result "0-1"]
[Termination "normal"]
[Board "33"]
[WhiteElo "1594"]
[BlackElo "1196"]
[PlyCount "136"]
[WhiteFideId "24654914"]
[BlackFideId "24692328"]
[EventCountry "GER"]
[EventRounds "11"]
[EventType "swiss"]
[EventDate "2008.05.10"]

1. e4 c6 2. d4 d5 3. e5 Bf5 4. Nf3 e6 5. a3 Nd7 6. Bd3 Ne7 7. O-O Qb6 8. c3 g6
9. b4 Bg7 10. Bg5 f6 11. exf6 Nxf6 12. Re1 Ne4 13. Bxe7 Kxe7 14. Bxe4 dxe4 15.
Ng5 Raf8 16. Nxe4 Qc7 17. Nbd2 h5 18. Ng3 Bf6 19. Nxf5+ gxf5 20. Qe2 Qd7 21.
Nf3 Rfg8 22. Ne5 Qd5 23. Qf3 Bxe5 24. Qxd5 Bxh2+ 25. Kxh2 cxd5 26. Re5 Rc8 27.
Rae1 Rh6 28. R1e3 f4 29. Rf3 Rc6 30. g3 fxg3+ 31. Rxg3 Kf6 32. Rf3+ Ke7 33.
Rfe3 Kd7 34. Rg5 Rh7 35. Kh3 Ra6 36. Rge5 Rh6 37. Kh4 Rxa3 38. Rxh5 Rxh5+ 39.
Kxh5 Ra2 40. f3 Rg2 41. f4 b6 42. Re5 Kd6 43. f5 exf5 44. Rxf5 Rg7 45. Rf6+ Kc7
46. Kh6 Rg3 47. Rf7+ Kc6 48. Rf6+ Kb5 49. Rd6 Rxc3 50. Rxd5+ Kxb4 51. Rd7 a5
52. Rd6 b5 53. d5 a4 54. Rc6 Rd3 55. d6 a3 56. Ra6 Kc5 57. Kg5 b4 58. Kf4 Rxd6
59. Ra8 Rb6 60. Ke3 b3 61. Rc8+ Rc6 62. Rb8 a2 63. Rxb3 a1=Q 64. Kd2 Qa2+ 65.
Kc3 Kd5+ 66. Kb4 Rc4+ 67. Kb5 Qxb3+ 68. Ka5 Ra4# 0-1

[Event "DEM U12/U12w 2008"]
[Site "Willingen GER"]
[Date "2008.05.11"]
[Round "1"]
[White "Diederichs, Luise"]
[Black "Falter, Lennart"]
[Result "0-1"]
[Termination "normal"]
[Board "34"]
[WhiteElo "1177"]
[BlackElo "1587"]
[PlyCount "54"]
[WhiteFideId "24661597"]
[BlackFideId "24692077"]
[EventCountry "GER"]
[EventRounds "11"]
[EventType "swiss"]
[EventDate "2008.05.10"]

1. d4 d5 2. c4 e6 3. Nc3 c5 4. e3 Nf6 5. Bd3 dxc4 6. Bxc4 a6 7. Nf3 b5 8. Bb3
Bb7 9. O-O Nc6 10. dxc5 Bxc5 11. Ne2 O-O 12. Ng3 Qe7 13. Bd2 Rfd8 14. Qc2 Rac8
15. Rfd1 Bb6 16. Qb1 Nb4 17. Bxb4 Qxb4 18. Rxd8+ Rxd8 19. Bd1 e5 20. Nxe5 Qe1+
21. Nf1 Ne4 22. Bf3 Qxf2+ 23. Kh1 Bxe3 24. Ng3 Nxg3+ 25. hxg3 Qxg3 26. Ng4 Bxf3
27. Qf1 Bxg4 0-1

[Event "DEM U12/U12w 2008"]
[Site "Willingen GER"]
[Date "2008.05.11"]
[Round "1"]
[White "Neef, Maximilian"]
[Black "Rahimi, Anita"]
[Result "1-0"]
[Termination "normal"]
[Board "35"]
[WhiteElo "1580"]
[BlackElo "1172"]
[PlyCount "97"]
[WhiteFideId "24692085"]
[BlackFideId "24692336"]
[EventCountry "GER"]
[EventRounds "11"]
[EventType "swiss"]
[EventDate "2008.05.10"]

1. d4 c6 2. c4 d5 3. Nf3 Bf5 4. e3 e6 5. Nc3 Bd6 6. Be2 Nf6 7. O-O O-O 8. Nh4
Ne4 9. Nxf5 exf5 10. cxd5 Nxc3 11. bxc3 cxd5 12. Bf3 Bc7 13. Qb3 Qd6 14. g3 Nc6
15. Qxd5 Qxd5 16. Bxd5 Na5 17. Rb1 Rab8 18. Bd2 b5 19. Rfd1 Rfd8 20. Bb3 h6 21.
Bc2 Nc4 22. Bxf5 Ba5 23. Be1 Nd6 24. Bd3 Rdc8 25. Rdc1 a6 26. Kf1 Rb6 27. Rb2
Nc4 28. Bxc4 Rxc4 29. Ke2 b4 30. Kd3 Rbc6 31. Rbc2 bxc3 32. Bxc3 Bxc3 33. Rxc3
Rxc3+ 34. Rxc3 Rb6 35. Rc8+ Kh7 36. Kc2 Rf6 37. f4 Re6 38. Kd3 Rb6 39. Rc2 Rb5
40. e4 Ra5 41. d5 Ra3+ 42. Kd4 Ra4+ 43. Ke5 f6+ 44. Kf5 Rd4 45. Re2 a5 46. Ke6
Rb4 47. d6 Rb6 48. Ke7 Rb7+ 49. d7 1-0

[Event "DEM U12/U12w 2008"]
[Site "Willingen GER"]
[Date "2008.05.11"]
[Round "1"]
[White "Schreiber, Justina"]
[Black "Kreyssig, Robert"]
[Result "0-1"]
[Termination "normal"]
[Board "36"]
[WhiteElo "1172"]
[BlackElo "1775"]
[PlyCount "74"]
[WhiteFideId "24661570"]
[BlackFideId "4662881"]
[EventCountry "GER"]
[EventRounds "11"]
[EventType "swiss"]
[EventDate "2008.05.10"]

1. e4 c5 2. Nc3 d6 3. f4 Nc6 4. Nf3 g6 5. g3 Bg7 6. Bg2 Bg4 7. d3 Nd4 8. h3
Nxf3+ 9. Bxf3 Bxf3 10. Qxf3 e6 11. Be3 Ne7 12. O-O Nc6 13. Rad1 Nd4 14. Bxd4
Bxd4+ 15. Kh2 h5 16. e5 Bxc3 17. bxc3 d5 18. c4 h4 19. g4 dxc4 20. Qxb7 O-O 21.
dxc4 Qa5 22. Ra1 Qd2+ 23. Qg2 Rfd8 24. Rfd1 Qxf4+ 25. Kh1 Qxe5 26. Qf3 Rac8 27.
Rf1 Rc7 28. Rab1 Rcd7 29. Rb7 Qg3 30. Qxg3 hxg3 31. Rb3 Rd2 32. Rc1 Rh2+ 33.
Kg1 Rxh3 34. Kg2 Rh2+ 35. Kxg3 Rdd2 36. Rc3 g5 37. Kf3 Rh3+ 0-1

[Event "DEM U12/U12w 2008"]
[Site "Willingen GER"]
[Date "2008.05.11"]
[Round "1"]
[White "Hauffen, Franziska"]
[Black "Powierski, Emil"]
[Result "0-1"]
[Termination "normal"]
[Board "38"]
[WhiteElo "1143"]
[BlackElo "1564"]
[PlyCount "72"]
[BlackFideId "4656199"]
[EventCountry "GER"]
[EventRounds "11"]
[EventType "swiss"]
[EventDate "2008.05.10"]

1. e4 c5 2. Nf3 Nc6 3. d4 cxd4 4. Nxd4 g6 5. Nc3 Bg7 6. Be3 Nf6 7. f3 O-O 8.
Qd2 d5 9. h3 dxe4 10. Nxc6 bxc6 11. Qxd8 Rxd8 12. fxe4 Rb8 13. Rb1 Nh5 14. Na4
Rb4 15. b3 Rxe4 16. Kf2 Bd4 17. Bxd4 Rexd4 18. Bd3 Nf4 19. Nb2 Nxd3+ 20. Nxd3
Bf5 21. Rhe1 Kf8 22. Rbc1 Bxd3 23. cxd3 Rxd3 24. Rxc6 Rd2+ 25. Re2 Rxe2+ 26.
Kxe2 f5 27. Rc7 a5 28. Rc5 Ra8 29. a4 Rb8 30. Rc3 Kf7 31. Kd2 Kf6 32. Kc2 e5
33. Rc5 Ra8 34. Kc3 e4 35. Kd4 Kg5 36. Ke3 Rd8 0-1

[Event "DEM U12/U12w 2008"]
[Site "Willingen GER"]
[Date "2008.05.11"]
[Round "1"]
[White "Schoepe, Tobias"]
[Black "Puffay, Jana"]
[Result "1-0"]
[Termination "normal"]
[Board "39"]
[WhiteElo "1550"]
[BlackElo "1047"]
[PlyCount "113"]
[WhiteFideId "24692107"]
[BlackFideId "24692360"]
[EventCountry "GER"]
[EventRounds "11"]
[EventType "swiss"]
[EventDate "2008.05.10"]

1. e4 e5 2. Nf3 Nc6 3. Bc4 Bc5 4. O-O Nf6 5. Nc3 O-O 6. d3 h6 7. h3 d6 8. Be3
Bb6 9. d4 Ba5 10. Bd3 Re8 11. dxe5 dxe5 12. Ne2 b6 13. a3 b5 14. Bxb5 Bb7 15.
Ng3 Re6 16. Qxd8+ Rxd8 17. Rfd1 Rxd1+ 18. Rxd1 a6 19. Bd3 Ne7 20. Nd2 Bxd2 21.
Rxd2 Ng6 22. f3 Ne8 23. Nf5 Ne7 24. Nxe7+ Rxe7 25. Bc5 Rd7 26. Kf2 g6 27. Bb4
Kg7 28. Bc3 f6 29. Be2 Rxd2 30. Bxd2 Nd6 31. Bb4 Kf7 32. Ke3 f5 33. Bxd6 cxd6
34. c4 f4+ 35. Kd2 Ke7 36. Kc3 Kd7 37. b4 Kc6 38. Kb3 Kb6 39. a4 a5 40. Ka3 g5
41. Kb3 Ba8 42. Kc3 Kc6 43. bxa5 Kb7 44. Kb4 Kc6 45. a6 Kb6 46. a5+ Kc6 47. Bf1
Kc7 48. Kb5 Bc6+ 49. Kb4 Bd7 50. c5 dxc5+ 51. Kxc5 Bc6 52. Bb5 Ba8 53. Bc4 h5
54. Bd5 Bxd5 55. Kxd5 Kb8 56. Kxe5 Ka7 57. Kf5 1-0

[Event "DEM U12/U12w 2008"]
[Site "Willingen GER"]
[Date "2008.05.11"]
[Round "1"]
[White "Wulf, Constanze"]
[Black "Voggenreiter, Simon"]
[Result "0-1"]
[Termination "normal"]
[Board "40"]
[WhiteElo "1047"]
[BlackElo "1746"]
[PlyCount "82"]
[WhiteFideId "24692379"]
[BlackFideId "24615501"]
[EventCountry "GER"]
[EventRounds "11"]
[EventType "swiss"]
[EventDate "2008.05.10"]

1. e4 e6 2. d4 d5 3. Nc3 Bb4 4. Bd3 c5 5. Bd2 cxd4 6. Nce2 Bxd2+ 7. Qxd2 dxe4
8. Bxe4 Nf6 9. Bd3 e5 10. Bc4 O-O 11. Nf3 Nc6 12. a3 Bg4 13. Ng5 h6 14. Nxf7
Rxf7 15. Bxf7+ Kxf7 16. O-O Qd5 17. Rfe1 Rf8 18. Ng3 h5 19. Qd3 Kg8 20. f3 Bd7
21. Rad1 Na5 22. b3 Bb5 23. c4 Nxc4 24. bxc4 Bxc4 25. Qg6 Qc5 26. Kh1 Qxa3 27.
Qf5 Ng4 28. Qc2 Bb3 29. Qe2 Bxd1 30. Rxd1 Ne3 31. Rb1 Rc8 32. Qd2 Rc2 33. Qe1
b5 34. Ra1 Qc3 35. Qg1 b4 36. Qb1 b3 37. Qg1 b2 38. Rb1 Rc1 39. Rxc1 Qxc1 40.
Qxc1 bxc1=Q+ 41. Nf1 Qxf1# 0-1

[Event "DEM U12/U12w 2008"]
[Site "Willingen GER"]
[Date "2008.05.11"]
[Round "1"]
[White "Höpfner, Tim"]
[Black "Röhlich, Anna"]
[Result "1-0"]
[Termination "normal"]
[Board "41"]
[WhiteElo "1766"]
[BlackElo "1043"]
[PlyCount "75"]
[WhiteFideId "4638310"]
[EventCountry "GER"]
[EventRounds "11"]
[EventType "swiss"]
[EventDate "2008.05.10"]

1. d4 Nf6 2. c4 g6 3. Nc3 Bg7 4. e4 d6 5. f3 O-O 6. Be3 e5 7. d5 Bd7 8. Nge2 c6
9. Nc1 Nh5 10. Nd3 f5 11. Be2 a5 12. O-O f4 13. Bf2 Qg5 14. Qb3 Bh3 15. Ne1 Rf7
16. dxc6 Nxc6 17. Nb5 Rd8 18. c5 dxc5 19. Bc4 Rdd7 20. Bxf7+ Rxf7 21. Nd6 Nd8
22. Nxf7 Nxf7 23. Kh1 Bc8 24. Nd3 Qh6 25. Rfe1 Ng3+ 26. Kg1 Nh5 27. Nxc5 Qg5
28. Ne6 Qf6 29. Nxg7 Kxg7 30. Rac1 Nd6 31. Qb6 Qe6 32. Rxc8 Qxc8 33. Qxd6 Kg8
34. Qd5+ Kf8 35. Bc5+ Kg7 36. Qxe5+ Kh6 37. g4 fxg3 38. Be3+ 1-0

[Event "DEM U12/U12w 2008"]
[Site "Willingen GER"]
[Date "2008.05.11"]
[Round "1"]
[White "Fischer, Maxi"]
[Black "Müller, Alexandra"]
[Result "0-1"]
[Termination "normal"]
[Board "42"]
[WhiteElo "1026"]
[BlackElo "1532"]
[PlyCount "116"]
[WhiteFideId "24692395"]
[BlackFideId "24691496"]
[EventCountry "GER"]
[EventRounds "11"]
[EventType "swiss"]
[EventDate "2008.05.10"]

1. e4 e5 2. Nf3 Nc6 3. Nc3 Nf6 4. Bc4 Bc5 5. d3 h6 6. O-O O-O 7. Nh4 d6 8. h3
Bb4 9. Nf5 Bxf5 10. exf5 Qc8 11. Nd5 Nxd5 12. Bxd5 Qxf5 13. Be4 Qd7 14. Qh5 f5
15. Bd5+ Kh7 16. g4 Qe8 17. Qh4 f4 18. g5 Qd8 19. Be4+ Kh8 20. Qh5 Qxg5+ 21.
Qxg5 hxg5 22. Kg2 Rab8 23. Rh1 Rf6 24. h4 gxh4 25. Rxh4+ Rh6 26. Rg4 Bc5 27.
Bd2 Ne7 28. Kf3 d5 29. Rag1 dxe4+ 30. dxe4 g6 31. Bc3 Bd6 32. Rg5 Rh5 33. Rxh5+
gxh5 34. Rg5 Nc6 35. Rxh5+ Kg7 36. Kg4 Kf6 37. f3 Rg8+ 38. Kh4 Rg3 39. Rf5+ Ke6
40. Rh5 Rxf3 41. Rh6+ Kf7 42. Kg5 Rg3+ 43. Kh5 Rh3+ 44. Kg5 Be7+ 45. Kg4 Rxh6
46. Kf3 Rh3+ 47. Kg2 Re3 48. Kf2 Rxe4 49. Bd2 Kf6 50. Kf3 Kf5 51. Kf2 Bc5+ 52.
Kf3 Nd4+ 53. Kf2 Re2+ 54. Kf1 Rxd2 55. Ke1 Rxc2 56. a4 f3 57. Kd1 f2 58. b3
f1=Q# 0-1

[Event "DEM U12/U12w 2008"]
[Site "Willingen GER"]
[Date "2008.05.11"]
[Round "1"]
[White "Schuhmacher, Jakob"]
[Black "Triantafillidis, Katherina"]
[Result "1-0"]
[Termination "normal"]
[Board "43"]
[WhiteElo "1657"]
[BlackElo "993"]
[PlyCount "61"]
[WhiteFideId "4612787"]
[BlackFideId "24692409"]
[EventCountry "GER"]
[EventRounds "11"]
[EventType "swiss"]
[EventDate "2008.05.10"]

1. d4 d5 2. Nf3 Nf6 3. c4 Be6 4. c5 Nc6 5. e3 g6 6. Bd2 Bg7 7. b4 a6 8. Bd3 O-O
9. O-O b5 10. Bc3 Ne4 11. Nfd2 Nxc3 12. Nxc3 Nxb4 13. Bb1 Qd7 14. a3 Nc6 15.
Ba2 Na5 16. Rb1 c6 17. Qe2 Nc4 18. Nxc4 bxc4 19. Rb6 Bf5 20. Bb1 Be6 21. Bc2
Qc7 22. Rfb1 Rfd8 23. Rb7 Qc8 24. Ba4 Bf5 25. R1b6 Rd7 26. Bxc6 Rxb7 27. Bxb7
Qd8 28. Bxa8 Qxa8 29. Qb2 h6 30. Rb8+ Qxb8 31. Qxb8+ 1-0

[Event "DEM U12/U12w 2008"]
[Site "Willingen GER"]
[Date "2008.05.11"]
[Round "1"]
[White "Paliy, Margaryta"]
[Black "Kuckling, Hannah"]
[Result "0-1"]
[Termination "normal"]
[Board "44"]
[WhiteElo "934"]
[BlackElo "1531"]
[PlyCount "126"]
[WhiteFideId "24692417"]
[BlackFideId "24603660"]
[EventCountry "GER"]
[EventRounds "11"]
[EventType "swiss"]
[EventDate "2008.05.10"]

1. e4 Nf6 2. Nc3 d5 3. exd5 Nxd5 4. Nge2 Bf5 5. d3 Nc6 6. Nf4 Nxc3 7. bxc3 e5
8. Nh5 Qd7 9. d4 exd4 10. Qe2+ Qe6 11. Qxe6+ Bxe6 12. Bb5 dxc3 13. Bxc6+ bxc6
14. O-O g6 15. Nf4 Bf5 16. Re1+ Be7 17. Ba3 Be6 18. Bxe7 Kxe7 19. Nxe6 fxe6 20.
Re3 Rhd8 21. h3 Rd2 22. Rxc3 Kd6 23. Rb1 Rd5 24. Rb4 Rb5 25. Rbc4 Rb6 26. a4 a5
27. Rd4+ Ke7 28. Rh4 h5 29. Rg3 Rg8 30. Re4 Rb4 31. Re5 Rxa4 32. Rc5 Kd6 33.
Rgc3 Rc8 34. Rxc6+ Kd7 35. Ra6 c5 36. Ra7+ Kd6 37. Rd3+ Kc6 38. Rdd7 Ra1+ 39.
Kh2 Ra2 40. Rg7 Rxc2 41. Rxg6 Rxf2 42. Rxe6+ Kb5 43. Raa6 Rg8 44. Reb6+ Ka4 45.
h4 Rgxg2+ 46. Kh3 Rh2+ 47. Kg3 Rfg2+ 48. Kf3 Rg4 49. Rd6 Rhxh4 50. Rd5 Rf4+ 51.
Ke3 Re4+ 52. Kd3 Rd4+ 53. Rxd4+ Rxd4+ 54. Kc3 h4 55. Rh6 Ka3 56. Rxh4 Rxh4 57.
Kc2 Rh3 58. Kb1 Rh2 59. Kc1 Kb3 60. Kd1 a4 61. Ke1 a3 62. Kf1 a2 63. Kg1 Rd2
0-1